Sports by Ball - Picture Quiz - Statistics

General Stats
  • This quiz has been taken 397 times
  • The average score is 7 of 12
Answer Stats
Picture Answer % Correct
Basketball
94%
Soccer
93%
Baseball
91%
Bowling
91%
American Football
90%
Table Tennis
89%
Tennis
88%
Golf
87%
Rugby
87%
Volleyball
83%
Pool
81%
Softball
63%
Cricket
51%
Dodgeball
47%
Handball
43%
Snooker
42%
Netball
28%
Polo
27%
Squash
19%
Bowls
18%
Lacrosse
16%
Australian Rules Football
14%
Hockey
12%
Croquet
4%
No matching quizzes found
Score Distribution
Percent of People with Each Score
Percentile by Number Answered
Your Score History
You have not taken this quiz